00516nam a2200193 a 4500001001300000003000900013005001700022008004100039020001100080082001600091100002600107245003600133260004300169300000900212500003500221505001000256650003000266700002600296nice12345678IN_TiNIC20260116011419.0050524s1965 lona grp 000 0 eng  ac20.400a297.09bTRI aTrimingham, J Spencer aHistory of Islam in West Africa aLondonbOxford University Press c1965 a262p aincludes index and biblioraphy2 aIndex aIslam-History-West Africa1 aTrimingham, J Spencer